00858nam a2200229Ia 4500999001500000020001800015082001900033245007400052260004000126300001000166440006500176504003600241650004400277650002500321650004500346650004600391700001900437700001900456700002000475942000700495952012600502 c3885d3885 a0-7546-0450-0 a306.60942 REL- 0aReligion, identity and change: perspectives on global transformations aAldershotbAshgate Publishingc2004 a214p. aReligion and Theology in Interdisciplinary Perspectives Seri aincludes bibliography and index aReligion and sociology - United Kingdom aSociety and religion aUnited Kingdom - Religion - 20th century aIdentity (Psychology) - religious aspects aColeman, Simon aCollins, Peter aDavies, Douglas cBK 00104070aNASSDOCbNASSDOCd2004-11-24eSEGMi2004-10-22l0o306.60942 REL-p40258r2019-04-18 00:00:00w2019-04-18yBK